000 00242nam a22000857a 4500
008 161201b xxu||||| |||| 00| 0 eng d
100 _91707
_aKumar. K
245 _aInteraction in english main course book
260 _aNew delhi
_bFrank brothers
_c2006
999 _c4420
_d4420